000
00314nam a2200133Ia 4500
008
231129s1973||||xx |||||||||||||| ||spa||
040
_b
spa
082
_a
E823 C947b
100
_a
Cronin A. J.
245
0
_a
Un bolsillo lleno de vodka : novela
260
_c
1973
264
_a
Emece Editores
942
_2
ddc
_c
BKS
999
_c
25794
_d
25794